Settlement and tilt of low-rise buildings (Record no. 117355)
[ view plain ]
| 000 -LEADER | |
|---|---|
| fixed length control field | 01267cam a2200241 4500 |
| 001 - CONTROL NUMBER | |
| control field | ABS67792 |
| 008 - FIXED-LENGTH DATA ELEMENTS--GENERAL INFORMATION | |
| fixed length control field | 040514n2004 000 0 eng u |
| 035 ## - SYSTEM CONTROL NUMBER | |
| System control number | (Sirsi) u126206 |
| 100 ## - MAIN ENTRY--PERSONAL NAME | |
| Personal name | Charles, J. |
| 245 ## - TITLE STATEMENT | |
| Title | Settlement and tilt of low-rise buildings |
| 260 ## - PUBLICATION, DISTRIBUTION, ETC. | |
| Date of publication, distribution, etc. | 2004 |
| 490 ## - SERIES STATEMENT | |
| Series statement | Proceedings of the Institution of Civil Engineers |
| Volume/sequential designation | 157(GE2) April 2004, 65-75(11) |
| 520 ## - SUMMARY, ETC. | |
| Summary, etc. | Discusses approaches that can be adopted where deep foundations are not an economically viable solution for low-rise housing developments. Raft foundations can be used but, when differential settlement occurs, the building may tilt as a rigid body. This prevents significant distortion of the building and consequent cracking of the walls, but may be unacceptable if the tilt is noticeable. Suggests that tilt is typically noticed when it is in the region of 1/250 to 1/200 but remedial action is only necessary where is the tilt is 1/100 or greater. Case studies. [Taken from journal abstract]. |
| 590 ## - LOCAL NOTE (RLIN) | |
| Local note | ABS |
| 590 ## - LOCAL NOTE (RLIN) | |
| Local note | ABS |
| 650 ## - SUBJECT ADDED ENTRY--TOPICAL TERM | |
| Topical term or geographic name entry element | SETTLEMENT PATTERNS |
| 650 ## - SUBJECT ADDED ENTRY--TOPICAL TERM | |
| Topical term or geographic name entry element | LOW-RISE BUILDINGS |
| 650 ## - SUBJECT ADDED ENTRY--TOPICAL TERM | |
| Topical term or geographic name entry element | RESIDENTIAL BUILDINGS |
| 650 ## - SUBJECT ADDED ENTRY--TOPICAL TERM | |
| Topical term or geographic name entry element | FOUNDATIONS |
| 690 ## - LOCAL SUBJECT ADDED ENTRY--TOPICAL TERM (OCLC, RLIN) | |
| Topical term or geographic name as entry element | BUILDING AND CONSTRUCTION-DEFECTS AND FAILURES |
| 700 ## - ADDED ENTRY--PERSONAL NAME | |
| Personal name | Skinner, H. |
| 942 ## - ADDED ENTRY ELEMENTS (KOHA) | |
| Suppress in OPAC | 0 |
| Withdrawn status | Lost status | Source of classification or shelving scheme | Damaged status | Not for loan | Home library | Current library | Shelving location | Date acquired | Total Checkouts | Full call number | Barcode | Date last seen | Copy number | Price effective from | Koha item type |
|---|---|---|---|---|---|---|---|---|---|---|---|---|---|---|---|
| Dewey Decimal Classification | London | London | Journal article | 14/05/2004 | ABS67792 | 126206-1001 | 06/08/2019 | 1 | 06/08/2019 | Journal article |